| 000 | 00950nam a2200205 i 4500 | ||
|---|---|---|---|
| 001 | 41830 | ||
| 003 | ES-MaACL | ||
| 005 | 20250808084925.0 | ||
| 007 | t| | ||
| 008 | 030311m19411942sp |||| | spa d | ||
| 100 | 1 |
_aCastán Tobeñas, José, _d1889-1969 _936392 |
|
| 245 | 1 | 0 |
_aDerecho civil español común y foral _b: obra ajustada al programa para las oposiciones a Notarías determinadas / _cJosé Castán Tobeñas. |
| 250 | _a5ª ed. totalmente ref. | ||
| 260 |
_aMadrid : _bReus, _c1941-42. |
||
| 300 |
_a4 v. ; _c23 cm. |
||
| 505 | 8 | _aContiene: V. I: Parte general. -- V. II: Derechos reales. Derecho de obligaciones (Doctrina general). -- V. III: Derecho de obligaciones (Doctrina especial de contratos). Derecho de familia. -- V. IV: Derecho de familia (Relaciones paterno-filiales y tutelares). Derecho de sucesiones | |
| 650 | 0 | 4 |
_aDerecho civil- _zEspaña _911659 |
| 852 |
_aES-MaACL _jF-15485-88 |
||
| 999 |
_c41830 _d41830 |
||